| 000 | 01264cab a22002055a 4500 | ||
|---|---|---|---|
| 001 | L145345 | ||
| 008 | 080916e20080912enkaeo f 000 0 eng d | ||
| 035 | _a(Sirsi) u145345 | ||
| 041 | 0 | _aeng | |
| 100 | 1 | _aSpring, Martin | |
| 245 | 0 | 0 | _aSix of the best |
| 260 | _c2008 | ||
| 490 |
_aBuilding _v273(8546) 12 September 2008, 52-59(8) |
||
| 520 | _aThe third in a series of six articles on school developments (see other articles under references L145210, L145344, L145349, L145354, L145360). Presents six recently completed BSF schools: Titus Salt School in Bradford; Pudsey Grangefield High School in Leeds; Buttershaw Business and Enterprise College in Bradford; Frederick Bremer School in Waltham Forest, North-East London; Kelmscott school (refurbishment) in Waltham Forest, North-East London; and Park Campus Unit Referral Unit in Lambeth, South London. Reports on the current trends in these school buildings. Provides for each school: name of the architect; name of BSF contractors; cost per m2, cost per pupil; main features of school and plan. | ||
| 590 | _aKA | ||
| 650 | 2 | 4 | _aBUILDING SCHOOLS FOR THE FUTURE |
| 651 | 4 |
_aEngland _y886- |
|
| 690 | _aBUILT ENVIRONMENT-BUILDING TYPES-EDUCATIONAL, INFORMATION AND SCIENTIFIC FACILITIES | ||
| 942 | _n0 | ||
| 999 |
_c80787 _d80787 |
||